| 000 | 00503nam a22001690 4500 | ||
|---|---|---|---|
| 003 | PILC | ||
| 005 | 20150820151624.0 | ||
| 008 | 971115s1966 | ||
| 050 |
_aB 802 _b.G253 1966 |
||
| 100 | 1 | _aGay, Peter. | |
| 245 | 1 | 4 |
_aThe Enlightenment : _ban interpretation : the rise of modern paganism / _cPeter Gay. |
| 260 |
_aNew York : _bVintage Books, _c1966. |
||
| 300 |
_axviii, 555 pages ; _c20 cm. |
||
| 500 | _aIncludes index. | ||
| 650 | _aEnlightenment. | ||
| 942 |
_2lcc _cBK _kFOR |
||
| 999 |
_c288425 _d288425 |
||